000 01262cam a22003377a 4500
003 CHAP
005 20220329135619.0
008 971013s1981 r 00010 d
010 _a39310
011 _a40282
035 _a44407
040 _cCHAP
090 _aFolleto 9171
100 0 0 _aEstévez, Jaime.
_938342
245 1 3 _aEl desarrollo agroindustrial
_b: agronegocio o nuevo orden económico internacional
260 _aMéxico, D. F. :
_bCentro de Estudios Económicos y Sociales del Tercer Mundo,
_c1981
300 _app. 83-96
490 0 _aLecturas del ceestem
_v; 1 (2)
500 _aTrabajo presentado en el Simposio Problemas y Perspectivas del Desarrollo Agroindustrial en América Latina 1980 : México.
590 _aBATCH-UPD
_b10
_c20130110
_lUCH01
_h0251
590 _aBATCH-UPD
_b10
_c20130110
_lUCH01
_h1924
590 _aBATCH-UPD
_b10
_c20130409
_lUCH01
_h2322
590 _aBATCH-UPD
_b10
_c20130410
_lUCH01
_h1621
590 _aBATCH-UPD
_b10
_c20130914
_lUCH01
_h1327
590 _aCONVERSION
_b10
_c20130109
_lUCH01
_h1322
650 1 4 _aIndustrias agrícolas
_xAmérica Latina.
_957927
830 0 _aLecturas del ceestem
_v; 1 (2)
_965510
901 _aBK
942 _cFOLL
949 _aFolleto 9171
_bBC
_cFOLL
_d-101733
_eTS1
_i44407
_mD
_si
999 _c39310
_d39310